000 00529nam a2200193 4500
003 OSt
005 20160331184054.0
008 160331b xxu||||| |||| 00| 0 eng d
040 _c040a
082 _a330
_bJHI 2001
100 _aJhingan, M.L
_97574
245 _aAdvanced economic theory :
_bmicro and macro economics /
_cM. L Jhingan
250 _a11th.ed
260 _aNew Delhi
_bVrinda publications
_c2001
300 _ax, 1121p;
_bill :
_c12 cm
504 _aIncludes index
650 _aEconomics
_9975
942 _2ddc
_cSLOAN
999 _c3395
_d3395